000 00988nam a2200253 a 4500
001 BRCA_7490
005 20190320205846.0
008 260413m19411947sp-#######---#000-0#spa-#
041 _aspa
044 _asp
050 4 _aZ8158
_b.G58 1941
100 1 _aGivanel Mas, Juan
_918443
245 1 0 _aCatálogo de la Colección Cervantina
_credactado por J. Givanel Mas.
260 _aBarcelona
_bBiblioteca Central
_c1941-1947
300 _a3 v.
_bil.
_c25 cm.
500 _aDedicado a la memoria del insigne bibliófilo y bibliógrafo Isidro Bonsoms y Sicart quien de desposeyó de su colección cervantina para donarla a Barcelona
500 _aVer también R15 (versión en catalán iniciada en 1916)
500 _aR20
505 0 _aContenido: v.1 Años 1590-1785. -- v.2 Años 1786-1854. -- v.3 Años 1855-1890
600 1 4 _aCervantes Saavedra, Miguel de
_d1547-1616
_vBibliografía
_97606
700 1 _aBonsoms y Sicart, Isidro
_d1849-1922
_918444
902 _aGFM
942 _2lcc
_cB
999 _c7165
_d7165